|
|
|
|
| LEADER |
00721cam a2200229 7i4500 |
| 001 |
0000037007 |
| 005 |
20221114090000.0 |
| 007 |
##ta |
| 008 |
221114t20172017ii eng |
| 020 |
# |
# |
|a 9780143028673
|
| 040 |
# |
# |
|a MATR
|
| 090 |
0 |
# |
|a B 338.0954
|b KUM
|
| 100 |
1 |
# |
|a Kumar, Arun
|e author
|
| 245 |
1 |
4 |
|a THE BLACK ECONOMY IN INDIA
|c Arun Kumar.
|
| 264 |
# |
1 |
|a Haryana,India:
|b Peguin Random House India,
|c 2017.
|
| 300 |
# |
# |
|a xxxviii, 354 pages;
|c 22 cm.
|
| 336 |
# |
# |
|a text
|2 rdacontent
|
| 337 |
# |
# |
|a unmediated
|2 rdamedia
|
| 338 |
# |
# |
|a volume
|2 rdacarrier
|
| 650 |
# |
0 |
|a Informal sector (Economics) --
|z India
|
| 650 |
# |
0 |
|a Finance, Public --
|z India
|
| 999 |
|
|
|a 0000041866
|b Book
|c Book
|e Business Information Centre
|